[Event "IRI-chT 18th"]
[Site "Tehran"]
[Date "2019.11.23"]
[Round "1.1"]
[White "Gholami, Aryan"]
[Black "Taghavi, Hossein"]
[Result "1-0"]
[WhiteElo "2549"]
[BlackElo "2073"]
[PlyCount "128"]
[EventDate "2019.11.23"]
[EventType "team-tourn"]
[EventRounds "9"]
[EventCountry "IRI"]
[SourceTitle "CBM 193 Extra"]
[Source "ChessBase"]
[SourceDate "2020.01.31"]
[SourceVersion "1"]
[SourceVersionDate "2020.01.31"]
[SourceQuality "1"]
[WhiteTeam "Persepolis Iran"]
[BlackTeam "Oloom Montakhabe Vezarate"]
[WhiteTeamCountry "IRI"]
[BlackTeamCountry "IRI"]

1. Nf3 d5 2. g3 Nf6 3. Bg2 Bf5 4. 0-0 e6 5. c4 c6 6. cxd5 cxd5 7. Qb3 Qb6 8. Qxb6 axb6 9. d3 Nc6 10. Nc3 Be7 11. Nh4 Bg4 12. h3 Bh5 13. g4 Bg6 14. f4 Nd7 15. Nf3 0-0 16. e4 dxe4 17. dxe4 f6 18. Be3 Nc5 19. f5 Bf7 20. Rad1 Rfd8 21. a3 exf5 22. exf5 Bb3 23. Rxd8+ Rxd8 24. Nd2 Bf7 25. Rd1 Ne5 26. Nde4 Rxd1+ 27. Nxd1 Nc4 28. Bd4 Kf8 29. Nec3 Nd3 30. Ne4 h5 31. Kh2 hxg4 32. hxg4 b5 33. Bf1 Nce5 34. Kg3 b4 35. axb4 Bxb4 36. Ndf2 Be1 37. Be2 Bd5 38. Nc5 Nxc5 39. Bxc5+ Kf7 40. Bd4 Nc6 41. Be3 Ne5 42. Kf4 g5+ 43. Kg3 Bc4 44. Bxc4+ Nxc4 45. Bd4 Nd2 46. Kg2 Nb3 47. Bb6 Bb4 48. Ne4 Ke7 49. Kf3 Nd2+ 50. Nxd2 Bxd2 51. Ke4 Bb4 52. Kd5 Kd7 53. Bc5 Ba5 54. b4 Bc7 55. Kc4 Kc6 56. b5+ Kd7 57. Kd5 Be5 58. Be3 Bc7 59. Bc1 Bd8 60. Bd2 Be7 61. Bc3 Bd8 62. Kc5 Kc7 63. Ba5+ Kd7 64. Bxd8 Kxd8 1-0